000 00938nam0a22002291 4500
001 rc\234541
005 20030307120309.3
035 _a(NLR Aleph) 005497079
090 _a5268047
_c5268047
100 _a20030307d1990 u |0rusy50 ca
101 0 _arus
102 _aRU
105 _ay |||||||||
200 1 _aОсобенности расследования изготовления, сбыта и хранения крепких спиртных напитков домашней выработки
_eУчеб. пособие
_fМ-во внутр. дел СССР. Гл. упр. по работе с лич. составом
210 _aМ.
_cМоск. спец. сред. шк. милиции
_d1990 (1991)
215 _a42, [1] с.
_d22
700 1 _aМеглицкий
_bГ. Н.
_gГеоргий Николаевич
801 0 _aRU
_bNLR
_gpsbo
801 1 _aRU
_bELAR
_2rusmarc
852 _aNLR
_j91-6/2704
942 _cBOOK
980 _aNB